[Event "SUI-chT"]
[Site "Switzerland"]
[Date "2022.09.04"]
[Round "5.6"]
[White "Weindl, Alfred"]
[Black "Douguet, Claude"]
[Result "1-0"]
[WhiteElo "2307"]
[BlackElo "2054"]
[PlyCount "73"]
[EventDate "2022.05.01"]
[EventType "team-tourn"]
[EventRounds "9"]
[EventCountry "SUI"]
[SourceTitle "EXT 2023"]
[Source "ChessBase"]
[SourceDate "2022.10.05"]
[SourceVersion "1"]
[SourceVersionDate "2022.10.05"]
[SourceQuality "1"]
[WhiteTeam "Luzern"]
[BlackTeam "Wollishofen"]
[WhiteTeamCountry "SUI"]
[BlackTeamCountry "SUI"]

1. Nf3 d5 2. g3 Nf6 3. Bg2 g6 4. 0-0 Bg7 5. d3 0-0 6. Nbd2 Nc6 7. e4 dxe4 8. dxe4 Ng4 9. h3 Nge5 10. Nxe5 Nxe5 11. f4 Qd4+ 12. Kh2 Nc6 13. c3 Qc5 14. Qe2 e5 15. f5 Qe7 16. Nc4 Nd8 17. b3 b6 18. Ba3 c5 19. Ne3 f6 20. b4 Rf7 21. bxc5 bxc5 22. Qc4 Nb7 23. Rad1 Bd7 24. Nd5 Qd8 25. Qa6 Rb8 26. Rf2 gxf5 27. exf5 Qc8 28. Be4 Kh8 29. c4 Qc6 30. Qxa7 Rff8 31. Qb6 Qa4 32. Qb3 Qa6 33. Nc7 Qa4 34. Bxb7 Qxb3 35. axb3 Rxb7 36. Rxd7 Rc8 37. Rfd2 1-0

[Event "Verbandsliga Suedbaden 2122"]
[Site "Baden"]
[Date "2022.05.22"]
[Round "5.2"]
[White "Weindl, Alfred"]
[Black "Schwing, Hans Elmar"]
[Result "1-0"]
[WhiteElo "2309"]
[BlackElo "2289"]
[PlyCount "69"]
[EventDate "2021.10.10"]
[EventType "team-tourn"]
[EventRounds "9"]
[EventCountry "GER"]
[SourceTitle "EXT 2023"]
[Source "ChessBase"]
[SourceDate "2022.10.05"]
[SourceVersion "1"]
[SourceVersionDate "2022.10.05"]
[SourceQuality "1"]
[WhiteTeam "Gottmadingen"]
[BlackTeam "Dreisamtal"]
[WhiteTeamCountry "GER"]
[BlackTeamCountry "GER"]

1. Nf3 Nf6 2. g3 c5 3. Bg2 Nc6 4. 0-0 e5 5. d3 d5 6. e4 d4 7. a4 Bd6 8. Na3 0-0 9. Nc4 Bc7 10. c3 Be6 11. cxd4 cxd4 12. b3 Re8 13. Ng5 Bg4 14. f3 Bh5 15. h4 h6 16. Nh3 Nd7 17. g4 Bg6 18. h5 Bh7 19. g5 hxg5 20. Nxg5 a6 21. Bh3 Nf6 22. Ra2 b5 23. Na3 Nxh5 24. Rh2 Bg6 25. Qe1 Nf4 26. Bxf4 exf4 27. Qh4 Re5 28. Bf5 Kf8 29. Re1 Nb4 30. Nc2 Nxd3 31. Rd1 Nb2 32. Nb4 Nxd1 33. Nc6 Qxg5+ 34. Qxg5 Kg8 35. Qh4 1-0

[Event "Verbandsliga Suedbaden 2122"]
[Site "Baden"]
[Date "2022.04.24"]
[Round "9.1"]
[White "Weindl, Alfred"]
[Black "Reinhart, Emmanuel"]
[Result "1/2-1/2"]
[WhiteElo "2309"]
[BlackElo "2378"]
[PlyCount "79"]
[EventDate "2021.10.10"]
[EventType "team-tourn"]
[EventRounds "9"]
[EventCountry "GER"]
[SourceTitle "EXT 2023"]
[Source "ChessBase"]
[SourceDate "2022.10.05"]
[SourceVersion "1"]
[SourceVersionDate "2022.10.05"]
[SourceQuality "1"]
[WhiteTeam "Gottmadingen"]
[BlackTeam "Oberwinden"]
[WhiteTeamCountry "GER"]
[BlackTeamCountry "GER"]

1. Nf3 c6 2. g3 d5 3. Bg2 Nf6 4. 0-0 Bf5 5. d3 h6 6. Nbd2 e6 7. Qe1 Be7 8. e4 Bh7 9. Qe2 0-0 10. Kh1 c5 11. Ne1 Nc6 12. f4 Rc8 13. c3 b5 14. e5 Nd7 15. Ndf3 c4 16. d4 b4 17. g4 bxc3 18. bxc3 Qa5 19. Qe3 Nb6 20. Rg1 Na4 21. Bd2 Ba3 22. f5 Bb2 23. f6 g5 24. Nxg5 Bxc3 25. Bc1 Nxe5 26. dxe5 Kh8 27. Qh3 hxg5 28. Nf3 Rg8 29. Rb1 Qc7 30. Nxg5 Rxg5 31. Bxg5 Qxe5 32. Bh6 Qxf6 33. g5 Qf5 34. Qh4 Qxb1 35. Rxb1 Bxb1 36. g6 Bxg6 37. Qh3 Bf5 38. Qh5 Bg6 39. Qh3 Bf5 40. Qh5 1/2-1/2

[Event "SUI-chT"]
[Site "Switzerland"]
[Date "2019.09.07"]
[Round "6.8"]
[White "Weindl, Alfred"]
[Black "Hasenohr, Benedict"]
[Result "1-0"]
[WhiteElo "2339"]
[BlackElo "2271"]
[PlyCount "173"]
[EventDate "2019.03.10"]
[EventType "team-tourn"]
[EventRounds "9"]
[EventCountry "SUI"]
[SourceTitle "EXT 2020"]
[Source "ChessBase"]
[SourceDate "2019.10.17"]
[SourceVersion "1"]
[SourceVersionDate "2019.10.17"]
[SourceQuality "1"]
[WhiteTeam "Luzern"]
[BlackTeam "Winterthur"]
[WhiteTeamCountry "SUI"]
[BlackTeamCountry "SUI"]

1. Nf3 d5 2. g3 Nf6 3. Bg2 Bf5 4. c4 c6 5. cxd5 cxd5 6. Qb3 Qb6 7. Qxb6 axb6 8. d3 Nc6 9. 0-0 e5 10. Nc3 Bc5 11. Bg5 Be6 12. a3 d4 13. Nb5 Kd7 14. b4 Be7 15. Rfc1 Nd5 16. Bxe7 Ndxe7 17. Nd2 Nc8 18. e3 Nd6 19. Nxd6 Kxd6 20. Nc4+ Bxc4 21. Rxc4 Rhc8 22. Rac1 b5 23. Rc5 Rxa3 24. exd4 exd4 25. Rxb5 Rxd3 26. Rd5+ Ke7 27. b5 Nb4 28. Re1+ Kf8 29. Rd7 Re8 30. Rb1 Na2 31. Bxb7 Nc3 32. Ra1 Rd2 33. Bf3 Nxb5 34. Bd5 Nc3 35. Bc4 Nd1 36. Rxf7+ Kg8 37. Re7+ Kf8 38. Rf7+ Kg8 39. Raa7 Re1+ 40. Bf1 d3 41. Rxg7+ Kf8 42. Rxh7 Kg8 43. Rhd7 Rxf2 44. Ra8+ Rf8 45. Rxf8+ Kxf8 46. Rxd3 Kf7 47. Rf3+ Kg6 48. Kg2 Kg5 49. h4+ Kh5 50. Rf5+ Kh6 51. Rf6+ Kg7 52. Rf4 Re3 53. Rd4 Nc3 54. Bd3 Re5 55. Rg4+ Kf6 56. Rg6+ Ke7 57. Rg7+ Kf6 58. Rd7 Nd5 59. Kh3 Ne7 60. Rd6+ Kg7 61. Rd7 Kf6 62. Rd6+ Kg7 63. Rd4 Kf6 64. Be4 Ra5 65. Rb4 Ng8 66. Rb3 Ra4 67. Bc2 Ra1 68. Rb6+ Kg7 69. Rb7+ Kf6 70. Kg4 Ra5 71. Kf4 Rc5 72. Be4 Rc1 73. g4 Rf1+ 74. Bf3 Ne7 75. g5+ Ke6 76. Rb6+ Kf7 77. Kg4 Rg1+ 78. Kh5 Rf1 79. Be2 Rf4 80. Rb7 Kf8 81. Bd3 Rd4 82. Bc2 Nd5 83. g6 Nf4+ 84. Kg5 Ne6+ 85. Kf6 Rd6 86. Ke5 Rc6 87. Bb3 1-0

[Event "Verbandsliga Suedbaden 1819"]
[Site "Baden"]
[Date "2019.03.31"]
[Round "8.1"]
[White "Doettling, Fabian"]
[Black "Weindl, Alfred"]
[Result "1-0"]
[WhiteElo "2587"]
[BlackElo "2319"]
[PlyCount "75"]
[EventDate "2018.10.14"]
[EventType "team-tourn"]
[EventRounds "9"]
[EventCountry "GER"]
[SourceTitle "EXT 2020"]
[Source "ChessBase"]
[SourceDate "2019.10.17"]
[SourceVersion "1"]
[SourceVersionDate "2019.10.17"]
[SourceQuality "1"]
[WhiteTeam "Baden-Baden IV"]
[BlackTeam "Gottmadingen"]
[WhiteTeamCountry "GER"]
[BlackTeamCountry "GER"]

1. d4 Nf6 2. Nf3 g6 3. c4 Bg7 4. Nc3 0-0 5. e4 d6 6. Be2 e5 7. 0-0 Na6 8. Re1 c6 9. Be3 Ng4 10. Bg5 f6 11. Bh4 Nh6 12. c5 g5 13. Bg3 exd4 14. Bxa6 bxa6 15. Nxd4 dxc5 16. Nxc6 Qe8 17. Qd5+ Kh8 18. Nd8 Qxd8 19. Qxa8 Qb6 20. Qb8 Bb7 21. Qc7 Rc8 22. Qxb6 axb6 23. Rad1 b5 24. Rd7 Bc6 25. Rc7 Rxc7 26. Bxc7 b4 27. Nd1 Nf7 28. b3 Kg8 29. Re2 Bf8 30. Ne3 Bxe4 31. Ng4 Bd3 32. Nxf6+ Kg7 33. Ne8+ Kg8 34. Rd2 c4 35. bxc4 Bxc4 36. Rb2 Be7 37. Ba5 Bb5 38. Nc7 1-0

[Event "AUT-chT2W 1819"]
[Site "Austria"]
[Date "2018.12.08"]
[Round "4.2"]
[White "Everett, Elijah David"]
[Black "Weindl, Alfred"]
[Result "1-0"]
[WhiteElo "2232"]
[BlackElo "2319"]
[PlyCount "55"]
[EventDate "2018.10.12"]
[EventType "team-tourn"]
[EventRounds "11"]
[EventCountry "AUT"]
[SourceTitle "CBM 189 Extra"]
[Source "ChessBase"]
[SourceDate "2019.06.03"]
[SourceVersion "1"]
[SourceVersionDate "2019.06.03"]
[SourceQuality "1"]
[WhiteTeam "Pradl"]
[BlackTeam "Bregenz"]
[WhiteTeamCountry "AUT"]
[BlackTeamCountry "AUT"]

1. e4 c5 2. Nf3 Nc6 3. d4 cxd4 4. Nxd4 Nf6 5. Nc3 d6 6. Bc4 e6 7. Be3 Be7 8. Qe2 a6 9. 0-0-0 Qc7 10. Bb3 0-0 11. g4 Nxd4 12. Rxd4 b5 13. g5 Nd7 14. f4 Nc5 15. f5 exf5 16. Bd5 Rb8 17. exf5 Bxf5 18. Rf1 Bg6 19. h4 b4 20. h5 Bd3 21. Rxd3 Nxd3+ 22. Qxd3 bxc3 23. h6 cxb2+ 24. Kb1 Rb4 25. hxg7 Kxg7 26. Bd4+ Rxd4 27. Qxd4+ Kg8 28. g6 1-0

[Event "Verbandsliga Suedbaden 1718"]
[Site "Baden"]
[Date "2017.11.05"]
[Round "2.1"]
[White "Weindl, Alfred"]
[Black "Schlindwein, Rolf"]
[Result "1/2-1/2"]
[WhiteElo "2323"]
[BlackElo "2409"]
[PlyCount "40"]
[EventDate "2017.10.08"]
[EventType "team-tourn"]
[EventRounds "9"]
[EventCountry "GER"]
[SourceTitle "EXT 2019"]
[Source "ChessBase"]
[SourceDate "2018.10.10"]
[SourceVersion "1"]
[SourceVersionDate "2018.10.10"]
[SourceQuality "1"]
[WhiteTeam "Gottmadingen"]
[BlackTeam "Baden-Baden IV"]
[WhiteTeamCountry "GER"]
[BlackTeamCountry "GER"]

1. Nf3 Nf6 2. g3 b5 3. Bg2 Bb7 4. 0-0 e6 5. d3 Bc5 6. e4 d6 7. Nc3 a6 8. e5 dxe5 9. Nxe5 Qc8 10. Ne4 Nxe4 11. dxe4 0-0 12. Qg4 f5 13. Qe2 Nc6 14. Nxc6 Bxc6 15. exf5 Bxg2 16. Kxg2 Qb7+ 17. Qf3 Qxf3+ 18. Kxf3 Rxf5+ 19. Ke2 Re5+ 20. Be3 Bxe3 1/2-1/2

[Event "SUI-chT"]
[Site "Switzerland"]
[Date "2017.10.14"]
[Round "8.6"]
[White "Hofmann, Michael"]
[Black "Weindl, Alfred"]
[Result "1-0"]
[WhiteElo "2289"]
[BlackElo "2328"]
[PlyCount "75"]
[EventDate "2017.03.19"]
[EventType "team-swiss"]
[EventRounds "9"]
[EventCountry "SUI"]
[SourceTitle "EXT 2019"]
[Source "ChessBase"]
[SourceDate "2018.10.10"]
[SourceVersion "1"]
[SourceVersionDate "2018.10.10"]
[SourceQuality "1"]
[WhiteTeam "Reti"]
[BlackTeam "Bodan"]
[WhiteTeamCountry "SUI"]
[BlackTeamCountry "SUI"]

1. d4 Nf6 2. Bf4 g6 3. Nc3 d5 4. e3 Bg7 5. h4 c6 6. Be2 h6 7. Qd2 Nbd7 8. a4 a5 9. 0-0-0 Ne4 10. Nxe4 dxe4 11. f3 Qb6 12. c3 Qb3 13. Qc2 Qxc2+ 14. Kxc2 Nf6 15. Be5 Bf5 16. f4 h5 17. Nh3 0-0 18. Bxf6 Bxf6 19. Nf2 Bg7 20. Rdg1 f6 21. Bc4+ e6 22. g4 hxg4 23. h5 Kf7 24. hxg6+ Bxg6 25. Bxe6+ Kxe6 26. Rxg4 Rh8 27. Rxg6 Rxh1 28. Nxh1 Rh8 29. Rxg7 Rh2+ 30. Kb3 Rxh1 31. Rxb7 Re1 32. Ra7 Rxe3 33. Rxa5 Rh3 34. f5+ Kd6 35. Ra8 Kd7 36. Ra7+ Ke8 37. Rc7 Rf3 38. Rxc6 1-0

[Event "SUI-chT"]
[Site "Switzerland"]
[Date "2017.09.02"]
[Round "6.4"]
[White "Weindl, Alfred"]
[Black "Studer, Noel"]
[Result "0-1"]
[WhiteElo "2328"]
[BlackElo "2462"]
[PlyCount "72"]
[EventDate "2017.03.19"]
[EventType "team-swiss"]
[EventRounds "9"]
[EventCountry "SUI"]
[SourceTitle "EXT 2018"]
[Source "ChessBase"]
[SourceDate "2017.10.13"]
[SourceVersion "1"]
[SourceVersionDate "2017.10.13"]
[SourceQuality "1"]
[WhiteTeam "Bodan"]
[BlackTeam "Zuerich"]
[WhiteTeamCountry "SUI"]
[BlackTeamCountry "SUI"]

1. Nf3 d5 2. g3 Bg4 3. Bg2 c6 4. 0-0 Nd7 5. d4 e6 6. c3 Bd6 7. Nbd2 f5 8. Qb3 Rb8 9. c4 Qe7 10. Qe3 Nh6 11. h3 Bxf3 12. Nxf3 Nf7 13. cxd5 exd5 14. Qxe7+ Kxe7 15. Bf4 Rhg8 16. h4 h6 17. Rad1 Bxf4 18. gxf4 g5 19. hxg5 hxg5 20. fxg5 Nxg5 21. Nxg5 Rxg5 22. Rd3 f4 23. Rh3 Rbg8 24. Rh2 Nb6 25. Kh1 Nc4 26. Rd1 Nd6 27. Bf3 Ne4 28. Bxe4 dxe4 29. f3 e3 30. Rh4 Kd6 31. Rc1 R8g6 32. b4 Rg2 33. Rxf4 Rxe2 34. Re4 Rgg2 35. Rc3 Rh2+ 36. Kg1 Reg2+ 0-1

[Event "Verbandsliga Suedbaden 1617"]
[Site "Baden"]
[Date "2017.01.15"]
[Round "5.2"]
[White "Weindl, Alfred"]
[Black "Ehmann, Thilo"]
[Result "0-1"]
[WhiteElo "2325"]
[BlackElo "2272"]
[PlyCount "56"]
[EventDate "2016.10.09"]
[EventType "team-tourn"]
[EventRounds "9"]
[EventCountry "GER"]
[SourceTitle "EXT 2022"]
[Source "ChessBase"]
[SourceDate "2021.10.06"]
[SourceVersion "1"]
[SourceVersionDate "2021.10.06"]
[SourceQuality "1"]
[WhiteTeam "Gottmadingen"]
[BlackTeam "Sasbach"]
[WhiteTeamCountry "GER"]
[BlackTeamCountry "GER"]

1. Nf3 c5 2. g3 Nc6 3. Bg2 e5 4. 0-0 d5 5. d3 Nf6 6. e4 Be7 7. exd5 Nxd5 8. Re1 f6 9. Nc3 Nc7 10. Nh4 0-0 11. f4 Nd4 12. fxe5 fxe5 13. Ne4 Bxh4 14. gxh4 Qxh4 15. Bg5 Qg4 16. Qxg4 Bxg4 17. h3 Bf3 18. Rf1 b6 19. Be7 Rfe8 20. Bxf3 Rxe7 21. Bd1 Rd8 22. c3 Nde6 23. Bb3 g6 24. Ng5 Nd5 25. Nxe6 Rxe6 26. Rae1 Kg7 27. Re4 Re7 28. Bxd5 Rxd5 0-1

[Event "Verbandsliga Suedbaden 1617"]
[Site "Baden"]
[Date "2016.12.11"]
[Round "4.3"]
[White "Weindl, Alfred"]
[Black "Schuh, Hubert"]
[Result "1/2-1/2"]
[WhiteElo "2325"]
[BlackElo "2292"]
[PlyCount "174"]
[EventDate "2016.10.09"]
[EventType "team-tourn"]
[EventRounds "9"]
[EventCountry "GER"]
[SourceTitle "EXT 2022"]
[Source "ChessBase"]
[SourceDate "2021.10.06"]
[SourceVersion "1"]
[SourceVersionDate "2021.10.06"]
[SourceQuality "1"]
[WhiteTeam "Gottmadingen"]
[BlackTeam "Kuppenheim"]
[WhiteTeamCountry "GER"]
[BlackTeamCountry "GER"]

1. Nf3 c5 2. g3 b6 3. Bg2 Bb7 4. 0-0 Nf6 5. d3 g6 6. e4 Bg7 7. Nh4 Bc6 8. Nc3 0-0 9. f4 d6 10. g4 b5 11. g5 b4 12. Nd5 Nxd5 13. exd5 Bb7 14. Be4 e6 15. dxe6 Bd4+ 16. Kh1 Bxe4+ 17. dxe4 fxe6 18. a3 Nc6 19. axb4 cxb4 20. c3 Bc5 21. f5 gxf5 22. exf5 Qd7 23. f6 Ne5 24. cxb4 Bxb4 25. Nf3 Qc6 26. Bf4 Nxf3 27. Qxf3 Qxf3+ 28. Rxf3 a5 29. Rd3 d5 30. Be5 Rfc8 31. Rg1 Bf8 32. h4 Rc4 33. Rd4 Rac8 34. h5 Rxd4 35. Bxd4 Rc4 36. Rd1 Kf7 37. Rd3 a4 38. Kg2 Bd6 39. Be3 Rc2+ 40. Rd2 Rxd2+ 41. Bxd2 Be5 42. Bc1 h6 43. g6+ Kxf6 44. Kf3 Kg7 45. Ke2 Bf6 46. Kd3 Bg5 47. Be3 e5 48. Bc5 Bf6 49. Kc3 Kg8 50. Kb4 e4 51. Kxa4 Bxb2 52. Be3 Kg7 53. Kb3 Be5 54. Kc2 d4 55. Kd2 Bf6 56. Bf2 Kf8 57. Ke2 Ke7 58. Be3 Bg7 59. Bc1 Ke6 60. Kf2 Kd5 61. Ke2 Kc4 62. Bd2 Kb3 63. Ba5 Kc2 64. Bb4 Kb3 65. Bd2 Kc4 66. Bc1 Kd5 67. Bd2 Ke5 68. Kf2 Kf5 69. Kg3 Be5+ 70. Kf2 Bg7 71. Kg3 d3 72. Be3 Bf8 73. Kh3 Bg7 74. Kg3 Be5+ 75. Kh3 Bc3 76. Kg3 Bg7 77. Kh3 Bf8 78. Kg3 Bd6+ 79. Kg2 Be5 80. Kh3 Ke6 81. Kg4 Bg7 82. Kg3 Kf5 83. Kh3 Ke6 84. Kg3 Ke5 85. Kg4 Bf8 86. Kg3 Kf5 87. Kh3 Bg7 1/2-1/2

[Event "SUI-chT"]
[Site "Switzerland"]
[Date "2016.10.08"]
[Round "8.4"]
[White "Schwaegli, Bruno"]
[Black "Weindl, Alfred"]
[Result "0-1"]
[WhiteElo "2276"]
[BlackElo "2327"]
[PlyCount "66"]
[EventDate "2016.03.20"]
[EventType "team-tourn"]
[EventRounds "9"]
[EventCountry "SUI"]
[SourceTitle "EXT 2017"]
[Source "ChessBase"]
[SourceDate "2016.10.25"]
[SourceVersion "1"]
[SourceVersionDate "2016.10.25"]
[SourceQuality "1"]
[WhiteTeam "Solothurn"]
[BlackTeam "Bodan"]
[WhiteTeamCountry "SUI"]
[BlackTeamCountry "SUI"]

1. e4 c5 2. Nf3 Nc6 3. Nc3 d6 4. d4 cxd4 5. Nxd4 Nf6 6. Bc4 e6 7. Be3 Be7 8. Qe2 a6 9. 0-0-0 Qc7 10. Bb3 0-0 11. g4 Nxd4 12. Rxd4 b5 13. g5 Nd7 14. f4 Nc5 15. f5 exf5 16. Nd5 Qd8 17. Qh5 Be6 18. exf5 Bxf5 19. Qf3 Bg6 20. h4 Nxb3+ 21. axb3 f6 22. Qg4 fxg5 23. hxg5 Rf7 24. Rhd1 Bf8 25. Nf4 Bf5 26. Qg2 Rc8 27. R4d2 Qe7 28. Bd4 Qe4 29. Qxe4 Bxe4 30. Ne6 Be7 31. Be3 d5 32. Rg1 Rf3 33. Bb6 Rc6 0-1

[Event "SUI-chT"]
[Site "Switzerland"]
[Date "2016.06.12"]
[Round "5.5"]
[White "Weindl, Alfred"]
[Black "Brunner, Nicolas"]
[Result "1/2-1/2"]
[WhiteElo "2377"]
[BlackElo "2442"]
[PlyCount "123"]
[EventDate "2016.03.20"]
[EventType "team-tourn"]
[EventRounds "9"]
[EventCountry "SUI"]
[SourceTitle "EXT 2017"]
[Source "ChessBase"]
[SourceDate "2016.10.25"]
[SourceVersion "1"]
[SourceVersionDate "2016.10.25"]
[SourceQuality "1"]
[WhiteTeam "Bodan"]
[BlackTeam "Riehen"]
[WhiteTeamCountry "SUI"]
[BlackTeamCountry "SUI"]

1. d4 d5 2. c4 e6 3. Nc3 c6 4. cxd5 exd5 5. Bf4 Bd6 6. Bxd6 Qxd6 7. e3 Bf5 8. Bd3 Bxd3 9. Qxd3 Nf6 10. Nge2 0-0 11. 0-0 Nbd7 12. Qf5 a5 13. Qf4 Qxf4 14. Nxf4 Rfe8 15. Nd3 Ne4 16. Rfc1 Nd6 17. Na4 Re7 18. b3 f6 19. Kf1 Nb5 20. Ndc5 Nxc5 21. Rxc5 Nd6 22. Rac1 Kf7 23. R5c2 g5 24. Nb6 Ra6 25. Na4 h5 26. h3 h4 27. Rd1 Ne4 28. Nc5 Nxc5 29. dxc5 Re4 30. Rd4 f5 31. Ke2 Ra8 32. Rxe4 fxe4 33. Rd2 a4 34. b4 Ke6 35. f3 Ke5 36. fxe4 Kxe4 37. Rd4+ Ke5 38. Rg4 Kf5 39. Kd3 Re8 40. Rd4 Ke5 41. Rg4 Kf5 42. b5 cxb5 43. Rb4 Ke5 44. Rxb5 Re7 45. Rb4 a3 46. Rg4 Rg7 47. Kd2 Kf5 48. Kc3 Re7 49. Kd4 Re6 50. g3 b6 51. cxb6 Rxb6 52. gxh4 gxh4 53. Kxd5 Rb5+ 54. Kc4 Rb2 55. Kd3 Rxa2 56. Rxh4 Rh2 57. Rh5+ Ke6 58. Ra5 Rxh3 59. Rxa3 Rh4 60. Ra6+ Ke5 61. Ra5+ Ke6 62. e4 1/2-1/2

[Event "SUI-chT"]
[Site "Switzerland"]
[Date "2016.05.22"]
[Round "3.3"]
[White "Wyss, Jonas"]
[Black "Weindl, Alfred"]
[Result "1/2-1/2"]
[WhiteElo "2316"]
[BlackElo "2377"]
[PlyCount "60"]
[EventDate "2016.03.20"]
[EventType "team-tourn"]
[EventRounds "9"]
[EventCountry "SUI"]
[SourceTitle "EXT 2017"]
[Source "ChessBase"]
[SourceDate "2016.10.25"]
[SourceVersion "1"]
[SourceVersionDate "2016.10.25"]
[SourceQuality "1"]
[WhiteTeam "Reti"]
[BlackTeam "Bodan"]
[WhiteTeamCountry "SUI"]
[BlackTeamCountry "SUI"]

1. e4 c5 2. Nf3 Nc6 3. d4 cxd4 4. Nxd4 Nf6 5. Nc3 d6 6. Bg5 e6 7. Qd2 a6 8. 0-0-0 Bd7 9. f4 b5 10. Bxf6 gxf6 11. Kb1 Qb6 12. Nxc6 Bxc6 13. f5 b4 14. Ne2 e5 15. Ng3 h5 16. h4 Qc5 17. Be2 Ke7 18. Bxh5 Bh6 19. Qd3 Bb5 20. Qb3 Bc4 21. Qf3 Rac8 22. Ne2 Be3 23. g4 Bxa2+ 24. Kxa2 Qxc2 25. Qxe3 Rc5 26. Rd5 Qa4+ 27. Kb1 Qc2+ 28. Ka2 Qa4+ 29. Kb1 Qc2+ 30. Ka2 Qa4+ 1/2-1/2

[Event "Verbandsliga Suedbaden 1516"]
[Site "Baden"]
[Date "2015.10.25"]
[Round "2.2"]
[White "Weindl, Alfred"]
[Black "Metz, Hartmut"]
[Result "1-0"]
[WhiteElo "2326"]
[BlackElo "2326"]
[PlyCount "113"]
[EventDate "2015.09.27"]
[EventType "team-tourn"]
[EventRounds "9"]
[EventCountry "GER"]
[SourceTitle "EXT 2022"]
[Source "ChessBase"]
[SourceDate "2021.10.06"]
[SourceVersion "1"]
[SourceVersionDate "2021.10.06"]
[SourceQuality "1"]
[WhiteTeam "Gottmadingen"]
[BlackTeam "Kuppenheim"]
[WhiteTeamCountry "GER"]
[BlackTeamCountry "GER"]

1. Nf3 d5 2. g3 c6 3. Bg2 Nf6 4. 0-0 Bf5 5. d3 e6 6. Nbd2 h6 7. Qe1 Be7 8. e4 Bh7 9. Qe2 0-0 10. Kh1 a5 11. a4 Na6 12. Ne1 dxe4 13. dxe4 Nc5 14. f3 Qc7 15. Nc4 e5 16. Be3 Nfd7 17. Bh3 Rfd8 18. Qf2 b6 19. b3 Bg5 20. Bxg5 hxg5 21. Rd1 Nf8 22. Nd3 Nxd3 23. Rxd3 Rxd3 24. cxd3 c5 25. Ne3 Qd6 26. Nc4 Qh6 27. Kg2 Re8 28. Bg4 Qc6 29. Qe3 f6 30. Rh1 Bg6 31. h4 gxh4 32. Rxh4 Ne6 33. Qc1 Nd4 34. Ne3 Bf7 35. Qh1 Kf8 36. Bh5 g6 37. Bg4 Bg8 38. Rh8 Re7 39. Nd5 Rg7 40. Qh6 Qd6 41. Bc8 Ne6 42. Nxf6 Nf4+ 43. gxf4 Qxf6 44. fxe5 Qxe5 45. Ba6 Ke7 46. Bc4 Bxc4 47. bxc4 Rf7 48. Ra8 Qb2+ 49. Kg3 Qa1 50. Qh4+ Rf6 51. Qh7+ Rf7 52. Ra7+ Kd6 53. Rxf7 Qg1+ 54. Kh4 Qh2+ 55. Kg5 Qg3+ 56. Kh6 Qh4+ 57. Kg7 1-0

[Event "Verbandsliga Suedbaden 1516"]
[Site "Baden"]
[Date "2015.09.27"]
[Round "1.3"]
[White "Schneider, Dominik"]
[Black "Weindl, Alfred"]
[Result "0-1"]
[WhiteElo "1992"]
[BlackElo "2326"]
[PlyCount "86"]
[EventDate "2015.09.27"]
[EventType "team-tourn"]
[EventRounds "9"]
[EventCountry "GER"]
[SourceTitle "EXT 2022"]
[Source "ChessBase"]
[SourceDate "2021.10.06"]
[SourceVersion "1"]
[SourceVersionDate "2021.10.06"]
[SourceQuality "1"]
[WhiteTeam "Offenburg"]
[BlackTeam "Gottmadingen"]
[WhiteTeamCountry "GER"]
[BlackTeamCountry "GER"]

1. e4 c5 2. f4 d5 3. Nf3 dxe4 4. Ng5 Nf6 5. Bc4 e6 6. Nc3 Be7 7. Ngxe4 Nxe4 8. Nxe4 0-0 9. d3 Nc6 10. Be3 Nd4 11. a4 Nf5 12. Bf2 Nd6 13. Bb3 Nxe4 14. dxe4 Qc7 15. Qf3 c4 16. Ba2 Qa5+ 17. c3 Qxa4 18. 0-0 Qc6 19. e5 Qxf3 20. gxf3 b5 21. Rfd1 Rd8 22. Rxd8+ Bxd8 23. Rd1 Bb7 24. Rd7 Bxf3 25. Rxa7 Rxa7 26. Bxa7 Bh4 27. Bf2 Be7 28. b3 Bd5 29. bxc4 bxc4 30. Be3 h6 31. Kf2 g5 32. Kg3 Kg7 33. Kg4 h5+ 34. Kg3 g4 35. h3 gxh3 36. Kxh3 f5 37. Bb1 Be4 38. Bxe4 fxe4 39. Kg3 Kg6 40. Bd2 Kf5 41. Be3 Bf8 42. Bc1 Bh6 43. Bd2 Bxf4+ 0-1

[Event "SUI-chT"]
[Site "Switzerland"]
[Date "2015.06.28"]
[Round "5.6"]
[White "Weindl, Alfred"]
[Black "Vianin, Pascal"]
[Result "1-0"]
[WhiteElo "2370"]
[BlackElo "2222"]
[PlyCount "99"]
[EventDate "2015.03.29"]
[EventType "team-tourn"]
[EventRounds "9"]
[EventCountry "SUI"]
[SourceTitle "EXT 2016"]
[Source "ChessBase"]
[SourceDate "2015.10.08"]
[SourceVersion "1"]
[SourceVersionDate "2015.10.08"]
[SourceQuality "1"]
[WhiteTeam "Luzern"]
[BlackTeam "Echallens"]
[WhiteTeamCountry "SUI"]
[BlackTeamCountry "SUI"]

1. Nf3 Nf6 2. g3 d5 3. Bg2 c6 4. 0-0 Bg4 5. d4 e6 6. c3 Nbd7 7. Nbd2 Be7 8. Re1 0-0 9. e4 Nxe4 10. Nxe4 dxe4 11. Rxe4 Nf6 12. Re1 h6 13. Qb3 Qb6 14. Ne5 Bf5 15. Nc4 Qxb3 16. axb3 Nd5 17. Na5 Rab8 18. Bxd5 cxd5 19. Bf4 Ra8 20. Nxb7 g5 21. Bd6 Rfe8 22. b4 Bd3 23. Bxe7 Rxe7 24. Nc5 Bf5 25. f3 h5 26. Ra6 Rc8 27. Rea1 Rcc7 28. Rd6 Kg7 29. Kf2 Bg6 30. Raa6 Bf5 31. h4 gxh4 32. gxh4 Bg6 33. Rac6 Rxc6 34. Rxc6 Bf5 35. Rd6 f6 36. Ke3 Kf7 37. Rd7 Rxd7 38. Nxd7 Ke7 39. Nc5 Kd6 40. Nd3 Bg6 41. b3 Bf7 42. c4 e5 43. c5+ Ke6 44. b5 Be8 45. b6 axb6 46. cxb6 Kd6 47. dxe5+ fxe5 48. Nxe5 Bb5 49. Kd4 Ba6 50. b4 1-0

[Event "AUT-chT2W 1415"]
[Site "Austria"]
[Date "2015.01.25"]
[Round "8.6"]
[White "Ager, Josef"]
[Black "Weindl, Alfred"]
[Result "0-1"]
[WhiteElo "2125"]
[BlackElo "2347"]
[PlyCount "42"]
[EventDate "2014.10.10"]
[EventType "team-tourn"]
[EventRounds "11"]
[EventCountry "AUT"]
[SourceTitle "EXT 2016"]
[Source "ChessBase"]
[SourceDate "2015.10.08"]
[SourceVersion "1"]
[SourceVersionDate "2015.10.08"]
[SourceQuality "1"]
[WhiteTeam "Ranshofen"]
[BlackTeam "Bregenz"]
[WhiteTeamCountry "AUT"]
[BlackTeamCountry "AUT"]

1. c4 e5 2. g3 Nc6 3. Bg2 Bc5 4. Nc3 d6 5. e3 a6 6. Nge2 Ba7 7. d4 Nf6 8. b3 0-0 9. Bb2 exd4 10. exd4 Bf5 11. 0-0 Qd7 12. Qd2 Rae8 13. Rfe1 Nb4 14. Ne4 Nxe4 15. Qxb4 Bb6 16. a4 a5 17. Qb5 Qxb5 18. axb5 Nd2 19. Bxb7 Nxb3 20. Bc6 Nxa1 21. Bxa1 Bd3 0-1